La Perestroika, problemas y perspectivas de la reforma en los países socialistas / (Record no. 187080)

MARC details
000 -LEADER
campo de control de longitud fija 00911nam a2200217 i 4500
001 - NÚMERO DE CONTROL
campo de control 187080
003 - IDENTIFICADOR DE NÚMERO DE CONTROL
campo de control SpMaBN
005 - FECHA Y HORA DE LA ÚLTIMA TRANSACCIÓN
campo de control 20230906222819.0
008 - DATOS DE LONGITUD FIJA--INFORMACIÓN GENERAL
campo de control de longitud fija 170411s1991 sp |||| | spa d
020 ## - NÚMERO INTERNACIONAL ESTÁNDAR DEL LIBRO
Número Internacional Estándar del Libro 84-7719-245-6
080 ## - NÚMERO DE LA CLASIFICACIÓN DECIMAL UNIVERSAL
Número de la Clasificación Decimal Universal 32(47+57)"1985/91"(063)
245 03 - MENCIÓN DEL TÍTULO
Título La Perestroika, problemas y perspectivas de la reforma en los países socialistas /
Mención de responsabilidad, etc. F. Carantoña A., G. Puente F., Eds. ; Manuel Azcárate, N.V. Butusova, Fernando Claudín ... [et al.].
260 ## - PUBLICACIÓN, DISTRIBUCIÓN, ETC.
Lugar de publicación, distribución, etc. León :
Nombre del editor, distribuidor, etc. Universidad, Secretariado de Publicaciones,
Fecha de publicación, distribución, etc. [1991]
300 ## - DESCRIPCIÓN FÍSICA
Extensión 164 p. ;
Dimensiones 21 cm.
594 ## - Nota al título y mención de responsabilidad
Nota al título y mención de responsabilidad Ponencias presentadas en el Coloquio Internacional celebrado en León del 8 al 10 de marzo de 1989.
651 #4 - PUNTO DE ACCESO ADICIONAL DE MATERIA--NOMBRE GEOGRÁFICO
Nombre geográfico URSS-
Subdivisión general Historia-
Subdivisión cronológica 1985-1991.
9 (RLIN) 157400
700 1# - ENTRADA AGREGADA--NOMBRE PERSONAL
Nombre de persona Carantoña Álvarez, Francisco.
9 (RLIN) 162330
700 1# - ENTRADA AGREGADA--NOMBRE PERSONAL
Nombre de persona Azcárate, Manuel.
9 (RLIN) 24247
710 2# - ENTRADA AGREGADA--NOMBRE DE ENTIDAD CORPORATIVA
Nombre de entidad corporativa o nombre de jurisdicción como elemento de entrada Universidad de León.
9 (RLIN) 7200
852 ## - LOCALIZACIÓN
Ubicación ES-MaACL
Número de control de estantería L-31401
Holdings
Estatus retirado Estado de pérdida Estado de daño No para préstamo Biblioteca de origen Biblioteca actual Ubicación en estantería Fecha de adquisición Fuente de adquisición Total de préstamos Signatura topográfica completa Código de barras Visto por última vez Precio de reemplazo Tipo de ítem Koha
        Biblioteca del Ateneo de Madrid Biblioteca del Ateneo de Madrid Depósito 2 11/04/2017     L-31401 1197367 23/02/2023 23/02/2023 Libro impreso